[Event "World ol U16"]
[Site "Konya"]
[Date "2018.11.30"]
[Round "7.18"]
[White "Easwaralingam, Adesh"]
[Black "Igisinova, Liya"]
[Result "1-0"]
[WhiteElo "2075"]
[BlackElo "1482"]
[PlyCount "65"]
[EventDate "2018.11.25"]
[EventType "team-swiss"]
[EventRounds "9"]
[EventCountry "TUR"]
[SourceTitle "CBM 187 Extra"]
[Source "ChessBase"]
[SourceDate "2018.11.04"]
[SourceVersion "1"]
[SourceVersionDate "2018.11.04"]
[SourceQuality "1"]
[WhiteTeam "Denmark"]
[BlackTeam "Kazakhstan Karaganda"]
[WhiteTeamCountry "DEN"]
[BlackTeamCountry "KAZ"]

1. e4 c5 2. Nf3 d6 3. Bb5+ Bd7 4. Bxd7+ Qxd7 5. 0-0 Nf6 6. Qe2 Nc6 7. Rd1 g6 8. c3 Bg7 9. d3 0-0 10. a4 a6 11. Na3 b5 12. Bg5 Rfb8 13. d4 cxd4 14. cxd4 bxa4 15. Nc4 Rb4 16. Bd2 Rb3 17. Bc3 Rc8 18. d5 Na7 19. Na5 Rb5 20. Nd4 Rb6 21. Ndc6 Nxc6 22. Nxc6 e6 23. Bd4 Rb7 24. Rac1 Kf8 25. Qf3 Rb3 26. Rc3 e5 27. Rxb3 axb3 28. Bc3 Qb7 29. Bb4 Rxc6 30. dxc6 Qxb4 31. c7 Qb7 32. Qc3 Qc8 33. Rxd6 1-0

[Event "World ol U16"]
[Site "Konya"]
[Date "2018.11.27"]
[Round "4.12"]
[White "Igisinova, Liya"]
[Black "Pajeken, Jakob Leon"]
[Result "0-1"]
[WhiteElo "1482"]
[BlackElo "2314"]
[PlyCount "84"]
[EventDate "2018.11.25"]
[EventType "team-swiss"]
[EventRounds "9"]
[EventCountry "TUR"]
[SourceTitle "CBM 187 Extra"]
[Source "ChessBase"]
[SourceDate "2018.11.04"]
[SourceVersion "1"]
[SourceVersionDate "2018.11.04"]
[SourceQuality "1"]
[WhiteTeam "Kazakhstan Karaganda"]
[BlackTeam "Germany"]
[WhiteTeamCountry "KAZ"]
[BlackTeamCountry "GER"]

1. d4 d5 2. Nf3 Nf6 3. g3 e6 4. Bg2 b5 5. 0-0 Be7 6. b3 Bb7 7. Nbd2 b4 8. Bb2 0-0 9. c4 bxc3 10. Bxc3 c5 11. Rc1 cxd4 12. Nxd4 e5 13. Nf5 Ba3 14. Rc2 Nc6 15. Nb1 Be7 16. Nxe7+ Qxe7 17. Qc1 Rac8 18. Rd1 d4 19. Bb2 Qe6 20. Qd2 Rfd8 21. Na3 Nd5 22. Rcc1 Ba6 23. Nc4 h6 24. a3 Nb6 25. Nxb6 axb6 26. a4 Na5 27. Qb4 Bxe2 28. Re1 d3 29. Bc3 Qxb3 30. Qe7 Qe6 31. Qb4 Rc4 32. Qb2 Rdc8 33. Bf1 Bxf1 34. Rxf1 Qc6 35. Bd2 Rc2 36. Qb4 Nc4 37. Rxc2 dxc2 38. Bc1 Rd8 39. Qb3 Nd2 40. Bxd2 Rxd2 41. Rc1 Qf6 42. f4 exf4 0-1

[Event "World School-ch U13 Girls"]
[Site "Sochi"]
[Date "2016.12.05"]
[Round "3"]
[White "Khamroeva, Dilbar"]
[Black "Igisinova, Liya"]
[Result "1-0"]
[WhiteElo "1627"]
[BlackElo "1230"]
[PlyCount "91"]
[EventDate "2016.12.03"]
[EventType "swiss"]
[EventRounds "9"]
[EventCountry "RUS"]
[SourceTitle "EXT 2018"]
[Source "ChessBase"]
[SourceDate "2017.10.13"]
[SourceVersion "1"]
[SourceVersionDate "2017.10.13"]
[SourceQuality "1"]

1. d4 Nf6 2. Nf3 e6 3. Bf4 d5 4. e3 c5 5. c3 cxd4 6. exd4 Bd6 7. Bg3 a6 8. Nbd2 Nc6 9. Bd3 b5 10. Ne5 Bxe5 11. dxe5 Nd7 12. f4 Bb7 13. Qg4 0-0 14. Nf3 Re8 15. Bxh7+ Kxh7 16. Ng5+ Kg8 17. Qh5 Qc7 18. Qxf7+ Kh8 19. Qh5+ Kg8 20. Qh7+ Kf8 21. Qh8+ Ke7 22. Qxg7+ Kd8 23. Nf7+ Kc8 24. Nd6+ Kd8 25. Bh4+ Ne7 26. Bxe7+ Rxe7 27. Qg8+ Nf8 28. Qxf8+ Kd7 29. Qf6 Qb6 30. 0-0-0 b4 31. cxb4 Qxb4 32. Rd3 Bc6 33. Kb1 a5 34. Rc1 Ra6 35. Qf8 Ra8 36. Qf6 Rh7 37. f5 a4 38. Qxe6+ Kc7 39. Qxd5 Qb6 40. Rdc3 Ra6 41. Rxc6+ Qxc6 42. Rxc6+ Rxc6 43. Qa5+ Kd7 44. Qa7+ Rc7 45. Qxa4+ Kd8 46. Qe8# 1-0